Every Winner of the Life Series. - Statistics

General Stats
  • This quiz has been taken 982 times
    673 since last reset
  • The average score is 7 of 7
Answer Stats
Hint Answer % Correct
3rd Life Grian
99%
Last Life Dangthatsalongname
97%
Double Life Pearlescentmoon
97%
Secret Life GoodTimeWithScar
96%
Wild Life SmallishBeans
94%
Limited Life InTheLittleWood
93%
Real Life ZombieCleo
90%
No matching quizzes found
Score Distribution
Percent of People with Each Score
Percentile by Number Answered
Your Score History
You have not taken this quiz since the last reset